<?xml version="1.0" encoding="UTF-8"?><OAI-PMH xmlns="http://www.openarchives.org/OAI/2.0/" xmlns:xsi="http://www.w3.org/2001/XMLSchema-instance"     xsi:schemaLocation="http://www.openarchives.org/OAI/2.0/ http://www.openarchives.org/OAI/2.0/OAI-PMH.xsd"><responseDate>2026-06-29T05:08:31Z</responseDate><request verb="GetRecord" identifier="oai:regmurcia.com:fintegr.2661" metadataPrefix="marc21">http://oai.regmurcia.com/oai2/oai2.php</request><GetRecord><record><header><identifier>oai:regmurcia.com:fintegr.2661</identifier><datestamp>2026-06-29</datestamp><setSpec>documentos</setSpec></header><metadata><record  xmlns="http://www.loc.gov/MARC21/slim" xmlns:xsi="http://www.w3.org/2001/XMLSchema-instance" xsi:schemaLocation="http://www.loc.gov/MARC21/slim http://www.loc.gov/standards/marcxml/schema/MARC21slim.xsd" type="Bibliographic"><leader>00000nam a2200000   4500</leader><controlfield tag="001" >005188051</controlfield><controlfield tag="003" >2661</controlfield><controlfield tag="004" >A00000000</controlfield><datafield tag="245" ind1=" " ind2=" "><subfield code="a">Carta de censo otorgada por doña Sol a favor de Juan Simón y María, su mujer, sobre una pieza de tierra en la huerta de Molina de Segura.</subfield></datafield><datafield tag="300" ind1=" " ind2=" "><subfield code="c">250 x 235 mm</subfield></datafield><datafield tag="351" ind1=" " ind2=" "><subfield code="a">Unidad Documental Simple</subfield><subfield code="c">Archivo Histórico Provincial. Array</subfield><subfield code="a">Unidad Documental Simple</subfield><subfield code="c">Archivo Histórico Provincial. Array</subfield></datafield><datafield tag="351" ind1=" " ind2=" "><subfield code="b">Pergamino 2</subfield></datafield><datafield tag="505" ind1=" " ind2=" "><subfield code="a">/codom/17/003.pdf</subfield></datafield><datafield tag="510" ind1=" " ind2=" "><subfield code="a">Pub. GARCÍA DÍAZ, ISABEL. Documentos del Monasterio de Santa Clara. Murcia: Academia Alfonso X el Sabio, 1997, p. 3-4</subfield></datafield><datafield tag="520" ind1=" " ind2=" "><subfield code="a">Doña Sol acensa a Juan Simón y a María, su mujer, una pieza de tierra en la huerta de Molina de Segura, por precio de 20 maravedís que deberán pagar anualmente el día de San Miguel.</subfield></datafield><datafield tag="583" ind1=" " ind2=" "><subfield code="u">http://www.regmurcia.com/servlet/s.Sl?METHOD=VERDOCUMENTO&amp;sit=serv,Carmesi&amp;n=/03/5349/indice.djvu</subfield></datafield><datafield tag="592" ind1=" " ind2=" "><subfield code="a">1316-08-10</subfield></datafield><datafield tag="592" ind1=" " ind2=" "><subfield code="d">1316-08-10 00:00:00</subfield></datafield><datafield tag="651" ind1=" " ind2=" "><subfield code="a">Molina de Segura</subfield></datafield><datafield tag="786" ind1=" " ind2=" "><subfield code="o">http://www.regmurcia.com/servlet/s.Sl?METHOD=VERDOCUMENTO&amp;sit=serv,Carmesi&amp;n=/03/5349/indice.djvu</subfield></datafield><datafield tag="856" ind1=" " ind2=" "><subfield code="u">http://www.regmurcia.com/servlet/s.Sl?METHOD=DETALLE&amp;sit=c,373,m,139,serv,Carmesi&amp;id=2661</subfield></datafield></record></metadata></record></GetRecord></OAI-PMH>
